000 00281nam a22001337a 4500
008 170926b xxu||||| |||| 00| 0 eng d
020 _a9780130101945
041 _aeng
080 _a37
100 _a46
101 _aEDU
245 _aLOGISTICS
_cBLLOMBERG,D.J
942 _2udc
_cBK
999 _c30012
_d30012